Statystyki dla herby państw

Kliknij tutaj aby rozwiązać quiz!

Ogólne statystyki

  • Ten quiz został rozwiązany 43 razy
  • Średni wynik to 10 z 16

Statystyki odpowiedzi

Odpowiedź% Poprawnych
Polska
97%
Ukraina
91%
Filipiny
88%
Brazylia
82%
Argentyna
79%
Singapur
79%
Litwa
74%
Mozambik
74%
Rosja
71%
Łotwa
65%
Chile
44%
Japonia
44%
Białoruś
41%
Rzym
38%
Estonia
29%
Nigeria
3%

Rozkład punktacji

Percentyl według liczby udzielonych odpowiedzi

Procent ludzi z każdym wynikiem

Twoja historia wyników

Nie rozwiązałeś tego quizu